Name the State Fossils & Dinosaurs - Statistics

General Stats
  • This quiz has been taken 18 times
  • The average score is 9 of 60
Answer Stats
Hint Answer % Correct
South Dakota Triceratops
73%
Colorado Stegosaurus
60%
Colorado Stegosaurus sp.
60%
Wyoming Triceratops horridus
60%
Utah Allosaurus
53%
Utah Utahraptor ostrommaysorum
47%
Vermont Beluga Whale/Woolly Mammoth
40%
Alaska Woolly Mammoth
40%
Nebraska Woolly Mammoth/Columbian Mammoth/Imperial Mammoth
40%
Pennsylvania Trilobite
33%
Wisconsin Trilobite
33%
Ohio Trilobite/Dunkleosteus
33%
Connecticut Dinosaur Tracks
20%
Massachusetts Dinosaur Tracks
20%
Mississippi "Prehistoric Whale"
20%
California Saber-toothed Cat
20%
Indiana American Mastodon
13%
Michigan American Mastodon
13%
District of Columbia "Capitalsaurus"
13%
District of Columbia "Capitalsaurus"
13%
Arkansas Arkansaurus fridayi
13%
Alabama Basilosaurus Whale
13%
Connecticut Dilophosaurus sp.
13%
Kansas Pteranodon/Tylosaurus
13%
South Carolina Columbian Mammoth
7%
Washington Columbian Mammoth
7%
Oregon Dawn Redwood
7%
Oklahoma Acrocanthosaurus atokensis
7%
Maryland Astrodon johnstoni
7%
California Augustynolophus morrisi
7%
New Mexico Coelophysis
7%
Wyoming Knightia
7%
Massachusetts Podokesaurus holyokensis
7%
Oklahoma Saurophaganax
7%
West Virginia Jefferson's Ground Sloth
7%
Arizona Petrified Wood
7%
New York Sea Scorpion
7%
Georgia Shark Tooth
7%
North Carolina Shark Tooth
7%
Illinois Tully Monster
7%
Florida Agatized Coral
0%
Delaware Belemnite
0%
Tennessee Bivalve
0%
Kentucky Brachiopod
0%
Montana Duck-Billed Dinosaur
0%
Idaho Hagerman Horse
0%
Delaware Dryptosaurus aquilunguis
0%
Maryland Ecphora gardnerae Shell
0%
New Jersey Hadrosaurus foulkii
0%
Nevada Ichthyosaur
0%
Idaho Oryctodromeus cubicularis
0%
Missouri Parrosaurus missouriensis
0%
Texas Sauroposeidon proteles
0%
Arizona Sonorasaurus thompsoni
0%
Maine Pertica Plant
0%
Louisiana Petrified Palmwood
0%
Virginia Scallop
0%
Missouri Sea Lily
0%
North Dakota Shipworm-Bored Petrified Wood
0%
Washington "Suciasaurus rex"
0%
No matching quizzes found
Score Distribution
Percent of People with Each Score
Percentile by Number Answered
Your Score History
You have not taken this quiz